Statistics for Dallas Mavericks Top 10 Leaders

Click here to take the quiz!

General Stats

  • This quiz has been taken 650 times
    (269 since last reset)
  • The average score is 9 of 23

Answer Stats

Player% Correct
Dirk Nowitzki
100%
Luka Dončić
94%
Jason Kidd
88%
Steve Nash
77%
Jason Terry
59%
Mark Aguirre
53%
Rolando Blackman
52%
Michael Finley
47%
J.J. Barea
38%
Dwight Powell
37%
Shawn Bradley
33%
Derek Harper
29%
Herb Williams
29%
Maxi Kleber
27%
Josh Howard
22%
James Donaldson
19%
Brad Davis
17%
Devin Harris
14%
Erick Dampier
14%
Roy Tarpley
10%
Sam Perkins
10%
DeSagana Diop
8%
Kurt Nimphius
4%

Score Distribution

Percentile by Number Answered

Percent of People with Each Score

Your Score History

You have not taken this quiz since the last reset